000
00469nam a22001577a 4500
020
_a
9788131234136
082
_a
332.042
100
_a
Melvin, Michael
245
_a
International money and finance
250
_a
8th
260
_a
New Delhi
_b
Elsevier
_c
2013
300
_a
316
650
_a
Financial management
942
_c
BK
999
_c
2473
_d
2473